[Event "Ontario op U2200"]
[Site "Toronto CAN"]
[Date "2022.05.23"]
[Round "6.26"]
[White "Yuen, Noah Nathaniel"]
[Black "Lim, Levi"]
[Result "1-0"]
[WhiteElo "1948"]
[BlackElo "1934"]
[PlyCount "100"]
[EventDate "2022.05.21"]
[EventType "swiss"]
[EventRounds "6"]
[EventCountry "CAN"]

1. d4 Nf6 2. c4 c5 3. d5 e6 4. Nf3 exd5 5. cxd5 d6 6. Nc3 g6 7. Bf4 a6 8. a4
Bg7 9. h3 O-O 10. e3 b6 11. Nd2 Re8 12. Be2 Bb7 13. Bf3 Bf8 14. Nc4 Qc7 15. O-O
Nbd7 16. e4 Rad8 17. Bg3 Nb8 18. Qc2 Nbd7 19. Be2 Ne5 20. Na3 g5 21. Qd2 Ng6
22. Bd3 h6 23. Qd1 Bg7 24. Nc4 Bc8 25. Qf3 g4 26. hxg4 Bxg4 27. Qe3 Bc8 28. Qd2
Nh5 29. Bh2 Nf6 30. Rae1 Kh8 31. Nxd6 Rxd6 32. e5 Nxe5 33. Bxe5 Rxe5 34. Rxe5
Rd8 35. Rfe1 Ng4 36. Re8+ Bf8 37. g3 Bd7 38. Rxd8 Qxd8 39. Qf4 Kg8 40. Bf5 Bxf5
41. Qxf5 Nf6 42. Ne4 Bg7 43. Nxf6+ Bxf6 44. b3 Bd4 45. Re4 Qf6 46. Qxf6 Bxf6
47. Re8+ Kg7 48. d6 b5 49. axb5 axb5 50. d7 c4 1-0

[Event "Ontario op U2200"]
[Site "Toronto CAN"]
[Date "2022.05.23"]
[Round "6.27"]
[White "Oancea, Nicolae"]
[Black "Wu, Benjamin"]
[Result "1-0"]
[WhiteElo "1830"]
[BlackElo "1828"]
[PlyCount "71"]
[EventDate "2022.05.21"]
[EventType "swiss"]
[EventRounds "6"]
[EventCountry "CAN"]

1. e4 c5 2. Be2 Nc6 3. f4 e6 4. Nf3 d5 5. e5 Nh6 6. c3 Qb6 7. O-O Be7 8. Kh1
O-O 9. Qe1 Bd7 10. Na3 f6 11. Nc2 fxe5 12. fxe5 g6 13. a3 a5 14. d4 Nf5 15. g4
Ng7 16. a4 cxd4 17. cxd4 Rac8 18. Na3 Nxd4 19. Be3 Nxf3 20. Bxb6 Nxe1 21. Rfxe1
Bb4 22. Rec1 Bxa4 23. Nb5 Bxb5 24. Bxb5 Kf7 25. Bd7 Rxc1+ 26. Rxc1 Rb8 27. Bc8
Ne8 28. Ba7 Ra8 29. Be3 b5 30. Rf1+ Kg7 31. Bxe6 Rb8 32. Rf7+ Kh8 33. Bg5 Rb6
34. Bxd5 Bc5 35. e6 h5 36. e7 1-0

[Event "Ontario op U2200"]
[Site "Toronto CAN"]
[Date "2022.05.23"]
[Round "6.28"]
[White "Southam, David"]
[Black "Li, Ande"]
[Result "1-0"]
[WhiteElo "2087"]
[BlackElo "1675"]
[PlyCount "69"]
[EventDate "2022.05.21"]
[EventType "swiss"]
[EventRounds "6"]
[EventCountry "CAN"]

1. d4 Nf6 2. c4 e6 3. Nc3 c5 4. d5 exd5 5. cxd5 d6 6. e4 g6 7. h3 Bg7 8. Nf3
O-O 9. Bd3 Na6 10. O-O Re8 11. Re1 Nb4 12. Bb1 Re7 13. Bf4 h6 14. Nd2 Na6 15.
Nc4 Ne8 16. Qd2 g5 17. Bh2 Bxc3 18. bxc3 b5 19. Ne3 Nf6 20. f3 Qb6 21. a4 Bd7
22. axb5 Bxb5 23. Nf5 c4+ 24. Kh1 Rd7 25. Nxh6+ Kh8 26. Qxg5 Nh7 27. Qf5 Qf2
28. Rg1 Kg7 29. e5 Rh8 30. Qg4+ Kf8 31. Rxa6 Qd2 32. Bf4 Qxc3 33. Rxd6 Rxd6 34.
exd6 Nf6 35. Qg5 1-0

[Event "Ontario op U2200"]
[Site "Toronto CAN"]
[Date "2022.05.23"]
[Round "6.29"]
[White "Lefort, Victor"]
[Black "Cater, Brendan"]
[Result "1-0"]
[WhiteElo "1755"]
[BlackElo "1916"]
[PlyCount "111"]
[EventDate "2022.05.21"]
[EventType "swiss"]
[EventRounds "6"]
[EventCountry "CAN"]

1. e4 e5 2. Nf3 Nf6 3. Nxe5 Nxe4 4. Qe2 Qe7 5. Qxe4 d6 6. d4 dxe5 7. dxe5 Nc6
8. Bb5 Bd7 9. Be3 O-O-O 10. O-O Nxe5 11. a4 Bc6 12. Bxc6 Nxc6 13. Qf5+ Kb8 14.
a5 a6 15. Nc3 Qd7 16. Qh5 f5 17. Rfd1 Bd6 18. Bf4 g6 19. Qh3 Qe6 20. Qg3 Bxf4
21. Qxf4 Rhe8 22. h4 Qe5 23. Qxe5 Rxe5 24. Rxd8+ Nxd8 25. Rd1 Kc8 26. Nd5 Nc6
27. b4 Re4 28. c3 Rc4 29. g3 h6 30. Kg2 Re4 31. Nf6 Re6 32. Nd5 Rd6 33. f4 Kd8
34. Kf3 Ne7 35. Ne3 Rxd1 36. Nxd1 Nd5 37. Ke2 Kd7 38. Kd3 Ke6 39. Kd4 Nf6 40.
Nf2 Nh5 41. Nh1 Kd6 42. c4 b5 43. cxb5 axb5 44. Kc3 Nf6 45. Nf2 Nd5+ 46. Kb3 c5
47. bxc5+ Kxc5 48. Nd3+ Kd4 49. Ne5 g5 50. hxg5 hxg5 51. Nf3+ Ke3 52. fxg5 Kxf3
53. a6 Kxg3 54. a7 Nc7 55. g6 f4 56. g7 1-0

[Event "Ontario op U2200"]
[Site "Toronto CAN"]
[Date "2022.05.23"]
[Round "6.30"]
[White "Lu, Eddie"]
[Black "Laughlin, Braden"]
[Result "1-0"]
[WhiteElo "1646"]
[BlackElo "1908"]
[PlyCount "109"]
[EventDate "2022.05.21"]
[EventType "swiss"]
[EventRounds "6"]
[EventCountry "CAN"]

1. d4 Nf6 2. Nf3 d5 3. e3 c6 4. Bd3 Bg4 5. c4 Nbd7 6. Qb3 Qb6 7. Nbd2 e6 8. O-O
Qxb3 9. Nxb3 a5 10. Nbd2 Be7 11. Re1 O-O 12. h3 Bh5 13. g4 Bg6 14. Bxg6 hxg6
15. e4 dxe4 16. Nxe4 Nxe4 17. Rxe4 Rfd8 18. Re1 Nb6 19. b3 a4 20. Bf4 Rdc8 21.
Be3 axb3 22. axb3 Rxa1 23. Rxa1 Ra8 24. Rxa8+ Nxa8 25. Ne5 Bd6 26. f4 Bxe5 27.
fxe5 Kf8 28. Kf2 Ke7 29. Kf3 Nc7 30. Ke4 b5 31. Bd2 bxc4 32. Bb4+ Kd7 33. bxc4
g5 34. Bf8 Ne8 35. Bc5 Kd8 36. Bb4 Kd7 37. Bd2 f6 38. Bb4 Nc7 39. Bd6 Kd8 40.
Bf8 Ne8 41. Bb4 Kd7 42. Bf8 Kd8 43. d5 cxd5+ 44. cxd5 exd5+ 45. Kxd5 Kd7 46.
e6+ Kc7 47. Bb4 g6 48. Ba5+ Kc8 49. Kc6 f5 50. e7 f4 51. Bc3 f3 52. Bd4 Nc7 53.
Bf2 Ne8 54. Bg3 Nf6 55. Kd6 1-0

[Event "Ontario op U2200"]
[Site "Toronto CAN"]
[Date "2022.05.23"]
[Round "6.32"]
[White "Jeyakumar, Bhavatharshan"]
[Black "Douglas, Richard"]
[Result "0-1"]
[WhiteElo "1827"]
[BlackElo "2054"]
[PlyCount "52"]
[EventDate "2022.05.21"]
[EventType "swiss"]
[EventRounds "6"]
[EventCountry "CAN"]

1. e4 Nf6 2. e5 Nd5 3. c4 Nb6 4. d4 d6 5. exd6 exd6 6. Nf3 Nc6 7. Be2 Be7 8.
O-O O-O 9. Nc3 Bg4 10. b3 Bf6 11. Be3 a5 12. Rc1 d5 13. c5 Nc8 14. h3 Bxf3 15.
Bxf3 N6e7 16. Qd3 c6 17. Ne2 b6 18. Qd2 Nf5 19. Bf4 Re8 20. Bg4 Nh4 21. cxb6
Qxb6 22. Bd7 Rd8 23. Bxc6 Ra7 24. Bxd5 Ne7 25. Bc4 Bxd4 26. Qc2 Qb7 0-1

[Event "Ottawa June Norm"]
[Site "Ottawa CAN"]
[Date "2022.06.08"]
[Round "1"]
[White "Ghasi, Ameet"]
[Black "Sambuev, Bator"]
[Result "0-1"]
[WhiteElo "2497"]
[BlackElo "2508"]
[PlyCount "142"]
[EventDate "2022.06.08"]
[EventType "tourn"]
[EventRounds "9"]
[EventCountry "CAN"]

1. b3 e5 2. Bb2 Nc6 3. c4 g6 4. e3 Bg7 5. Nf3 d6 6. d4 exd4 7. Nxd4 Nxd4 8.
Bxd4 Nf6 9. Qc1 O-O 10. Be2 Bg4 11. Bxg4 Nxg4 12. Bxg7 Kxg7 13. O-O Qe7 14. Nd2
Rad8 15. h3 Nf6 16. Qa3 a6 17. Rac1 Rfe8 18. Nf3 Ne4 19. b4 Qf6 20. Qd3 a5 21.
a3 axb4 22. axb4 Ra8 23. c5 dxc5 24. bxc5 Ra5 25. Qd4 c6 26. Rc2 Rb5 27. Rfc1
Qxd4 28. exd4 Nf6 29. Ra2 Nd5 30. g3 f6 31. Kg2 Re4 32. Rd2 Kf7 33. Ra1 g5 34.
Raa2 h5 35. Rdb2 Nc3 36. Rxb5 Nxb5 37. d5 Rc4 38. dxc6 bxc6 39. Nd2 Rxc5 40.
Ne4 Re5 41. f3 g4 42. Ra4 gxf3+ 43. Kxf3 c5 44. Ra6 Nd4+ 45. Kf4 Ne2+ 46. Kf3
Ng1+ 47. Kg2 Rxe4 48. Kxg1 Re2 49. Kf1 Rc2 50. Rc6 Kg6 51. Ke1 c4 52. Rc5 Rg2
53. g4 hxg4 54. hxg4 Rxg4 55. Kf2 f5 56. Kf3 Kf6 57. Ra5 Rd4 58. Ke3 Re4+ 59.
Kf3 Ke6 60. Rc5 Rh4 61. Kg3 Rd4 62. Kf3 Re4 63. Rc8 Kd5 64. Rf8 c3 65. Rxf5+
Kd4 66. Rf8 Re5 67. Rc8 Rc5 68. Rd8+ Rd5 69. Rc8 Kd3 70. Kf2 Kd2 71. Re8 c2 0-1

[Event "Ottawa June Norm"]
[Site "Ottawa CAN"]
[Date "2022.06.08"]
[Round "1"]
[White "Narayanan, Sudarshan"]
[Black "Liang, Jason"]
[Result "1-0"]
[WhiteElo "2185"]
[BlackElo "2353"]
[PlyCount "119"]
[EventDate "2022.06.08"]
[EventType "tourn"]
[EventRounds "9"]
[EventCountry "CAN"]

1. e4 c6 2. d4 d5 3. Nc3 dxe4 4. Nxe4 Nf6 5. Nxf6+ exf6 6. c3 Bd6 7. Bd3 O-O 8.
Qc2 Re8+ 9. Ne2 h5 10. O-O h4 11. h3 Nd7 12. Be3 Nf8 13. Rad1 Bc7 14. c4 Qd6
15. Nf4 Be6 16. Rfe1 Rad8 17. a3 Bb8 18. Kf1 Bc8 19. Bf5 Bxf5 20. Qxf5 g6 21.
Qc2 f5 22. d5 c5 23. Nd3 Qh2 24. f4 Rxe3 25. Rxe3 Bxf4 26. Nxf4 Qxf4+ 27. Rf3
Qh2 28. Re1 Nd7 29. Qc3 Qd6 30. Qe3 Nf6 31. Qf4 b5 32. Qxd6 Rxd6 33. cxb5 Rxd5
34. Rf2 Ne4 35. Rc2 Rd3 36. a4 Rd4 37. Ra1 Rb4 38. Ke1 Kg7 39. Ra3 c4 40. Kd1
Kf6 41. Kc1 Ke5 42. a5 Kd4 43. b6 a6 44. Re2 Nc5 45. Kc2 Nd3 46. b3 Rb5 47. Re8
Nb4+ 48. Kd1 c3 49. Ra4 f4 50. Rc8 Kd3 51. Rc4 f3 52. Rcxb4 c2+ 53. Kc1 fxg2
54. Rg4 Rf5 55. Kb2 Rf1 56. Rad4+ Ke3 57. Kxc2 g1=Q 58. Rd3+ Ke2 59. Rxg1 Rxg1
60. b7 1-0

[Event "Ottawa June Norm"]
[Site "Ottawa CAN"]
[Date "2022.06.08"]
[Round "1"]
[White "Noritsyn, Nikolay"]
[Black "Vera, Reynaldo"]
[Result "1-0"]
[WhiteElo "2518"]
[BlackElo "2443"]
[PlyCount "61"]
[EventDate "2022.06.08"]
[EventType "tourn"]
[EventRounds "9"]
[EventCountry "CAN"]

1. e4 c5 2. Nf3 e6 3. c3 Nf6 4. d3 d5 5. e5 Nfd7 6. d4 b6 7. Bb5 Ba6 8. a4 Be7
9. O-O O-O 10. Re1 Qc7 11. c4 dxc4 12. d5 exd5 13. Nc3 d4 14. Nd5 Qd8 15. Bf4
Bb7 16. Bxc4 b5 17. axb5 Nb6 18. Nxe7+ Qxe7 19. Bd3 N8d7 20. Bxh7+ Kh8 21. Ng5
Nd5 22. Bd2 g6 23. e6 Ne3 24. Rxe3 Qxg5 25. Rg3 Qf5 26. Rh3 Kg7 27. exd7 Rh8
28. Bh6+ Kxh7 29. Qe2 Qxd7 30. Qe5 f6 31. Qxf6 1-0

[Event "Ottawa June Norm"]
[Site "Ottawa CAN"]
[Date "2022.06.08"]
[Round "1"]
[White "Ouellet, Maili-Jade"]
[Black "Talukdar, Rohan"]
[Result "1-0"]
[WhiteElo "2297"]
[BlackElo "2343"]
[PlyCount "71"]
[EventDate "2022.06.08"]
[EventType "tourn"]
[EventRounds "9"]
[EventCountry "CAN"]

1. d4 Nf6 2. c4 g6 3. Nc3 d5 4. cxd5 Nxd5 5. e4 Nxc3 6. bxc3 Bg7 7. Nf3 c5 8.
Bb5+ Nc6 9. d5 a6 10. Be2 Ne5 11. Nxe5 Bxe5 12. Qd2 e6 13. f4 Bg7 14. d6 e5 15.
O-O O-O 16. f5 b6 17. Bc4 Ra7 18. Bb2 gxf5 19. exf5 Rd7 20. Rad1 Kh8 21. f6
Bxf6 22. Bd3 Bg5 23. Qe2 Rxd6 24. Qxe5+ f6 25. Qg3 c4 26. Be2 Rxd1 27. Rxd1 Qe7
28. Bxc4 Qc5+ 29. Rd4 Re8 30. Kh1 Bb7 31. h4 Bh6 32. Bf7 Rf8 33. Rg4 Qc8 34.
Bb3 Qb8 35. Qf2 Qd6 36. Ba3 1-0

[Event "Ottawa June Norm"]
[Site "Ottawa CAN"]
[Date "2022.06.09"]
[Round "2"]
[White "Liang, Jason"]
[Black "Noritsyn, Nikolay"]
[Result "1-0"]
[WhiteElo "2443"]
[BlackElo "2488"]
[PlyCount "109"]
[EventDate "2022.06.08"]
[EventType "tourn"]
[EventRounds "9"]
[EventCountry "CAN"]

1. e4 e6 2. d4 d5 3. e5 c5 4. c3 Nc6 5. Nf3 Bd7 6. Bd3 cxd4 7. O-O dxc3 8. Nxc3
Nge7 9. Re1 Ng6 10. g3 Be7 11. h4 f6 12. exf6 gxf6 13. Bh6 Qb6 14. Rc1 Rg8 15.
Be3 Qb4 16. Nxd5 exd5 17. Bxg6+ Rxg6 18. Bc5 Qg4 19. Bxe7 Nxe7 20. Qxd5 Kf8 21.
Qd6 Re8 22. Nd4 Bc6 23. Ne6+ Kg8 24. Nc7 f5 25. Qd3 Rf8 26. Rxe7 Qxh4 27. Nd5
Qg5 28. Qc4 Kh8 29. Qc3+ Kg8 30. Re5 Rg7 31. Qc5 Qh6 32. Rce1 f4 33. Rh5 fxg3
34. Qxf8+ Kxf8 35. Rxh6 Bxd5 36. Rf6+ Bf7 37. f3 Rg5 38. Rf4 Rc5 39. Re2 Rc4
40. Rxc4 Bxc4 41. Rc2 Bxa2 42. Kg2 b5 43. Rc7 a5 44. Rxh7 Bf7 45. Kxg3 a4 46.
Kf2 Ke7 47. Ke3 Kf6 48. Rh6+ Ke5 49. Rb6 Bc4 50. f4+ Kf5 51. Rh6 Bf7 52. Rh8
Bc4 53. Rh5+ Kg6 54. Rg5+ Kf6 55. Kd4 1-0

[Event "Ottawa June Norm"]
[Site "Ottawa CAN"]
[Date "2022.06.09"]
[Round "2"]
[White "Perez Rodriguez, Luis Manuel"]
[Black "Ouellet, Maili-Jade"]
[Result "1/2-1/2"]
[WhiteElo "2334"]
[BlackElo "2212"]
[PlyCount "45"]
[EventDate "2022.06.08"]
[EventType "tourn"]
[EventRounds "9"]
[EventCountry "CAN"]

1. e4 c5 2. Nf3 Nf6 3. e5 Nd5 4. d4 cxd4 5. c3 Nc6 6. Bc4 Nb6 7. Bb3 d5 8. exd6
Qxd6 9. O-O Be6 10. Bxe6 Qxe6 11. Nxd4 Nxd4 12. Qxd4 Rd8 13. Qh4 Qg6 14. Be3 e5
15. Bxb6 Qxb6 16. Na3 Bxa3 17. Qa4+ Rd7 18. Qxa3 f6 19. Rad1 a6 20. Qa4 Qc6 21.
Qg4 g6 22. f4 f5 23. Qe2 1/2-1/2

[Event "Ottawa June Norm"]
[Site "Ottawa CAN"]
[Date "2022.06.08"]
[Round "2"]
[White "Sambuev, Bator"]
[Black "Samsonkin, Artiom"]
[Result "1/2-1/2"]
[WhiteElo "2508"]
[BlackElo "2428"]
[PlyCount "33"]
[EventDate "2022.06.08"]
[EventType "tourn"]
[EventRounds "9"]
[EventCountry "CAN"]

1. d4 Nf6 2. c4 g6 3. Nc3 Bg7 4. e4 d6 5. Nf3 O-O 6. Be2 e5 7. O-O exd4 8. Nxd4
Re8 9. f3 Nc6 10. Be3 Nh5 11. Qd2 Nxd4 12. Bxd4 Nf4 13. Rfd1 Qg5 14. Bf1 Bxd4+
15. Qxd4 Ne6 16. Qf2 Qc5 17. Qxc5 1/2-1/2

[Event "Ottawa June Norm"]
[Site "Ottawa CAN"]
[Date "2022.06.09"]
[Round "2"]
[White "Talukdar, Rohan"]
[Black "Narayanan, Sudarshan"]
[Result "1-0"]
[WhiteElo "2343"]
[BlackElo "2343"]
[PlyCount "71"]
[EventDate "2022.06.08"]
[EventType "tourn"]
[EventRounds "9"]
[EventCountry "CAN"]

1. e4 e6 2. d4 d5 3. e5 c5 4. c3 Nc6 5. Nf3 Qb6 6. a3 cxd4 7. cxd4 Nge7 8. Nc3
Nf5 9. Na4 Qd8 10. b4 Bd7 11. Bb2 h5 12. Bd3 g5 13. h3 Rb8 14. Nc5 Bg7 15. Bxf5
exf5 16. h4 g4 17. Ng5 Bh6 18. Bc1 b6 19. Nxd7 Qxd7 20. O-O Nd8 21. Qd3 Rc8 22.
f3 g3 23. f4 Rc4 24. Bb2 b5 25. Rae1 Kf8 26. Qxg3 Bxg5 27. fxg5 Kg7 28. g6 Rg8
29. gxf7+ Kxf7 30. Qf3 Ke7 31. e6 Qd6 32. Qxf5 Qg3 33. Re2 Rc6 34. Bc1 Qg4 35.
Bg5+ Ke8 36. e7 1-0

[Event "Ottawa June Norm"]
[Site "Ottawa CAN"]
[Date "2022.06.09"]
[Round "2"]
[White "Vera, Reynaldo"]
[Black "Ghasi, Ameet"]
[Result "0-1"]
[WhiteElo "2443"]
[BlackElo "2478"]
[PlyCount "80"]
[EventDate "2022.06.08"]
[EventType "tourn"]
[EventRounds "9"]
[EventCountry "CAN"]

1. d4 Nf6 2. Nf3 g6 3. g3 Bg7 4. Bg2 O-O 5. O-O d6 6. Re1 Nbd7 7. e4 e5 8. Nc3
b6 9. a4 a5 10. b3 Bb7 11. Bb2 Re8 12. Qd2 exd4 13. Nxd4 Nc5 14. f3 h5 15. Rad1
Qd7 16. Qc1 c6 17. Qa1 Nh7 18. f4 h4 19. Nde2 hxg3 20. hxg3 Qe7 21. Nd5 cxd5
22. Bxg7 f6 23. Bh6 dxe4 24. Nc3 Qe6 25. Nb5 d5 26. Nc7 Qg4 27. Nxd5 Bxd5 28.
Rxd5 Qxg3 29. f5 g5 30. Qd1 Qh4 31. Rxc5 bxc5 32. Rxe4 Qxh6 33. Qd7 Qf8 34. Re6
Rad8 35. Qc7 Rd1+ 36. Kf2 Rxe6 37. fxe6 Qd6 38. Qf7+ Kh8 39. e7 Qf4+ 40. Bf3
Rd2+ 0-1

[Event "Ottawa June Norm"]
[Site "Ottawa CAN"]
[Date "2022.06.09"]
[Round "3"]
[White "Liang, Jason"]
[Black "Vera, Reynaldo"]
[Result "1-0"]
[WhiteElo "2443"]
[BlackElo "2443"]
[PlyCount "66"]
[EventDate "2022.06.08"]
[EventType "tourn"]
[EventRounds "9"]
[EventCountry "CAN"]

1. e4 c5 2. Nf3 d6 3. d4 Nf6 4. Nc3 cxd4 5. Nxd4 a6 6. g3 e6 7. Bg2 Be7 8. O-O
O-O 9. b3 Qc7 10. Bb2 Nc6 11. Nxc6 bxc6 12. Na4 Bb7 13. c4 e5 14. c5 d5 15.
exd5 Nxd5 16. Qe2 f6 17. Rfd1 Rad8 18. Rac1 Rfe8 19. Nc3 Nxc3 20. Bxc3 Rxd1+
21. Rxd1 Rd8 22. b4 Rxd1+ 23. Qxd1 a5 24. Qb3+ Kf8 25. bxa5 Bxc5 26. Bb4 Be7
27. Bxe7+ Kxe7 28. Qb4+ Ke6 29. Qc5 Ba6 30. a4 f5 31. h4 g6 32. Bxc6 Qd6 33.
Qb6 Be2 1-0

[Event "Ottawa June Norm"]
[Site "Ottawa CAN"]
[Date "2022.06.09"]
[Round "3"]
[White "Noritsyn, Nikolay"]
[Black "Talukdar, Rohan"]
[Result "0-1"]
[WhiteElo "2488"]
[BlackElo "2323"]
[PlyCount "88"]
[EventDate "2022.06.08"]
[EventType "tourn"]
[EventRounds "9"]
[EventCountry "CAN"]

1. d4 Nf6 2. c4 g6 3. Nc3 d5 4. cxd5 Nxd5 5. Bd2 Nb6 6. e4 Qxd4 7. Qc2 c6 8.
Be3 Qd8 9. Rd1 N8d7 10. a4 a5 11. Nf3 Bg7 12. h4 Qc7 13. h5 O-O 14. hxg6 hxg6
15. Qb3 c5 16. Nh4 Ne5 17. f4 Be6 18. Qb5 Nec4 19. Bc1 Rfd8 20. Nd5 Rxd5 21.
exd5 Bd7 22. Qb3 Bxa4 23. Qa2 Bxd1 24. Bxc4 Nxc4 25. Qxc4 Bg4 26. Nxg6 e6 27.
Ne5 Bxe5 28. fxe5 Qxe5+ 29. Kf2 Qd4+ 30. Qxd4 cxd4 31. Rh4 Bf5 32. d6 f6 33. g4
Bg6 34. g5 e5 35. gxf6 Rd8 36. Rh6 Kf7 37. Bg5 Rxd6 38. Rh8 e4 39. Rc8 e3+ 40.
Ke2 d3+ 41. Kxe3 d2 42. Rc7+ Ke6 43. f7 Bxf7 44. Ke4 Bg6+ 0-1

[Event "Ottawa June Norm"]
[Site "Ottawa CAN"]
[Date "2022.06.09"]
[Round "3"]
[White "Ouellet, Maili-Jade"]
[Black "Sambuev, Bator"]
[Result "1-0"]
[WhiteElo "2212"]
[BlackElo "2497"]
[PlyCount "106"]
[EventDate "2022.06.08"]
[EventType "tourn"]
[EventRounds "9"]
[EventCountry "CAN"]

1. d4 Nf6 2. c4 e6 3. Nc3 Bb4 4. f3 c5 5. d5 Nh5 6. Nh3 f5 7. e4 O-O 8. Be2 d6
9. dxe6 Bxc3+ 10. bxc3 Bxe6 11. Ng5 Qe7 12. Nxe6 Qxe6 13. exf5 Qe7 14. g4 Qh4+
15. Kd2 Nf4 16. Kc2 Nxe2 17. Qxe2 Nc6 18. Bf4 Qd8 19. Rhe1 Ne5 20. Bxe5 dxe5
21. Qxe5 Qa5 22. a4 Kh8 23. g5 Qd8 24. f4 Qd7 25. f6 gxf6 26. gxf6 Qf7 27. Rad1
Qxf6 28. Rd7 b6 29. Rxh7+ Kxh7 30. Qh5+ Kg8 31. Rg1+ Qg7 32. Rxg7+ Kxg7 33.
Qg5+ Kh7 34. f5 Rad8 35. Qg6+ Kh8 36. Qh6+ Kg8 37. h4 Rd7 38. Qe6+ Rdf7 39. Kd3
Kh8 40. Ke4 Rh7 41. Ke5 Rh5 42. Qd7 Kg8 43. Qd5+ Rf7 44. Qd3 Kh7 45. Ke6 Kg8
46. Ke5 Kf8 47. Qd6+ Re7+ 48. Kf4 Kg8 49. Qd3 Kf8 50. Qd6 Kg8 51. Qd5+ Rf7 52.
Qe6 Kh8 53. Qd5 Kg7 1-0

[Event "Ottawa June Norm"]
[Site "Ottawa CAN"]
[Date "2022.06.10"]
[Round "4"]
[White "Perez Rodriguez, Luis Manuel"]
[Black "Noritsyn, Nikolay"]
[Result "0-1"]
[WhiteElo "2334"]
[BlackElo "2488"]
[PlyCount "64"]
[EventDate "2022.06.08"]
[EventType "tourn"]
[EventRounds "9"]
[EventCountry "CAN"]

1. e4 e6 2. d4 d5 3. e5 c5 4. c3 Nc6 5. Nf3 Bd7 6. Bd3 cxd4 7. O-O dxc3 8. Nxc3
Nge7 9. Re1 Ng6 10. g3 Qb8 11. Qe2 Bc5 12. Bd2 O-O 13. Rac1 Nd4 14. Nxd4 Bxd4
15. Qh5 f6 16. exf6 Rxf6 17. Re2 Qf8 18. Nxd5 Rxf2 19. Be3 Rxe2 20. Qxe2 Bxe3+
21. Nxe3 Rc8 22. Rxc8 Qxc8 23. Be4 Qc1+ 24. Kg2 Bc6 25. Nc4 Qg5 26. Kf2 Qc5+
27. Kf1 Bd5 28. Bxd5 Qxd5 29. h4 Ne7 30. Ne3 Qxa2 31. Qb5 Qa6 32. Qxa6 bxa6 0-1

[Event "Ottawa June Norm"]
[Site "Ottawa CAN"]
[Date "2022.06.10"]
[Round "4"]
[White "Sambuev, Bator"]
[Black "Narayanan, Sudarshan"]
[Result "1-0"]
[WhiteElo "2508"]
[BlackElo "2343"]
[PlyCount "65"]
[EventDate "2022.06.08"]
[EventType "tourn"]
[EventRounds "9"]
[EventCountry "CAN"]

1. d4 d5 2. Nf3 Nf6 3. e3 e6 4. Bd3 c5 5. b3 b6 6. O-O Bb7 7. Bb2 Nc6 8. a3 Rc8
9. Nbd2 cxd4 10. exd4 g6 11. c4 Bg7 12. c5 a5 13. b4 axb4 14. axb4 Nxb4 15.
Bb5+ Nd7 16. cxb6 Nc6 17. Ba3 Bf8 18. Qb3 Bxa3 19. Qxa3 f6 20. Nb3 Kf7 21. Nc5
Nxc5 22. dxc5 e5 23. Qb3 Kg7 24. Rfd1 d4 25. Nd2 f5 26. Bxc6 Bxc6 27. Ra7+ Kh6
28. Qh3+ Kg5 29. Nc4 Kf6 30. f4 Ke6 31. Nxe5 h6 32. Nxc6 Rxc6 33. Qb3+ 1-0

[Event "Ottawa June Norm"]
[Site "Ottawa CAN"]
[Date "2022.06.10"]
[Round "4"]
[White "Talukdar, Rohan"]
[Black "Liang, Jason"]
[Result "1/2-1/2"]
[WhiteElo "2323"]
[BlackElo "2443"]
[PlyCount "147"]
[EventDate "2022.06.08"]
[EventType "tourn"]
[EventRounds "9"]
[EventCountry "CAN"]

1. e4 c6 2. d4 d5 3. Nc3 dxe4 4. Nxe4 Nf6 5. Nxf6+ exf6 6. c3 Bd6 7. Bd3 O-O 8.
Qc2 Re8+ 9. Ne2 h5 10. Be3 Nd7 11. Ng3 h4 12. Nf5 Nb6 13. O-O-O Bxf5 14. Bxf5
Nc4 15. Rde1 Qc7 16. g3 Nxe3 17. fxe3 g6 18. Bd3 hxg3 19. hxg3 Bxg3 20. Re2 Kg7
21. Rg1 Re7 22. e4 Qf4+ 23. Kb1 Rh8 24. Reg2 Rh3 25. Rf1 Qe3 26. Re2 Qh6 27.
Qd1 Qh4 28. Rg2 Re8 29. Qb3 Rh1 30. Rgg1 Rxg1 31. Rxg1 Bc7 32. Rd1 Qg4 33. Bc2
Qc8 34. c4 c5 35. dxc5 Be5 36. Qe3 Rh8 37. b4 Rh3 38. Qd2 Qg4 39. Qd7 Qg3 40.
Qd3 Qh4 41. Qd7 Rh2 42. a3 Rh3 43. Ka2 Qg3 44. Rd3 Qf2 45. Kb3 Rh2 46. Bd1 a5
47. Ka4 axb4 48. axb4 Qa2+ 49. Ra3 Qb1 50. Qd3 Qc1 51. Be2 Qb2 52. Bg4 Rd2 53.
Qe3 Qc2+ 54. Kb5 Rd4 55. Qe2 Qb1 56. Ra7 Rxe4 57. Qd1 Qb2 58. Rxb7 Rd4 59. Qe2
Rd2 60. Qe3 Bc3 61. Kc6 Qa3 62. b5 Rd8 63. Qe7 Qa8 64. Qxf7+ Kh6 65. Be6 Kg5
66. Qe7 Be5 67. Kb6 Bc3 68. Kc6 Be5 69. Kb6 Bc3 70. Kc6 Be5 71. Kb6 Bc3 72. Ra7
Rb8+ 73. Ka6 Qg2 74. b6 1/2-1/2

[Event "Ottawa June Norm"]
[Site "Ottawa CAN"]
[Date "2022.06.10"]
[Round "4"]
[White "Vera, Reynaldo"]
[Black "Samsonkin, Artiom"]
[Result "0-1"]
[WhiteElo "2443"]
[BlackElo "2428"]
[PlyCount "27"]
[EventDate "2022.06.08"]
[EventType "tourn"]
[EventRounds "9"]
[EventCountry "CAN"]

1. d4 Nf6 2. c4 e6 3. Nc3 Bb4 4. Qc2 O-O 5. e4 d6 6. e5 dxe5 7. dxe5 Ng4 8. Nf3
Nc6 9. Bf4 Nd4 10. Qd1 f6 11. Nxd4 fxe5 12. Bd3 Qxd4 13. Qxg4 Rxf4 14. Qe2 0-1

[Event "Ottawa June Norm"]
[Site "Ottawa CAN"]
[Date "2022.06.09"]
[Round "4.1"]
[White "Ghasi, Ameet"]
[Black "Ouellet, Maili-Jade"]
[Result "1-0"]
[WhiteElo "2478"]
[BlackElo "2212"]
[PlyCount "65"]
[EventDate "2022.06.08"]
[EventType "tourn"]
[EventRounds "9"]
[EventCountry "CAN"]

1. d4 d5 2. c4 e6 3. Nf3 Nf6 4. g3 Bb4+ 5. Nbd2 dxc4 6. Bg2 b5 7. O-O O-O 8. a4
c6 9. Qc2 Bb7 10. b3 cxb3 11. Nxb3 Nbd7 12. Ne1 Bxe1 13. Rxe1 Nd5 14. e4 N5f6
15. a5 e5 16. a6 Bc8 17. Bb2 Qc7 18. f4 Qb6 19. Nc5 exf4 20. gxf4 Re8 21. Ra3
Nb8 22. e5 Nfd7 23. Ne4 Nxa6 24. Nd6 Re6 25. Qxc6 Rb8 26. Qxb6 Nxb6 27. Nxc8
Nxc8 28. d5 b4 29. Ra5 Reb6 30. Bd4 b3 31. Bxb6 Rxb6 32. d6 Nb8 33. Rc5 1-0

[Event "Ottawa June Norm"]
[Site "Ottawa CAN"]
[Date "2022.06.10"]
[Round "5"]
[White "Liang, Jason"]
[Black "Perez Rodriguez, Luis Manuel"]
[Result "1/2-1/2"]
[WhiteElo "2443"]
[BlackElo "2334"]
[PlyCount "68"]
[EventDate "2022.06.08"]
[EventType "tourn"]
[EventRounds "9"]
[EventCountry "CAN"]

1. e4 e5 2. Nf3 Nc6 3. Bc4 Nf6 4. Ng5 d5 5. exd5 Na5 6. Bb5+ c6 7. dxc6 bxc6 8.
Bd3 Nd5 9. Nf3 Bd6 10. O-O O-O 11. Re1 f5 12. Nxe5 Qf6 13. Nf3 g5 14. c4 Nf4
15. Bf1 g4 16. d4 gxf3 17. Qxf3 Qh4 18. Qg3+ Qxg3 19. hxg3 Ne6 20. c5 Be7 21.
Bd2 Nb7 22. Bc4 Nbd8 23. Na3 Bf6 24. Nc2 Kg7 25. Rad1 a5 26. Bc3 Ng5 27. d5
Bxc3 28. bxc3 cxd5 29. Bxd5 Ra7 30. Nd4 Ne4 31. Nb5 Ra6 32. Nc7 Ra7 33. Nb5 Ra6
34. Nc7 Ra7 1/2-1/2

[Event "Ottawa June Norm"]
[Site "Ottawa CAN"]
[Date "2022.06.10"]
[Round "5"]
[White "Narayanan, Sudarshan"]
[Black "Ghasi, Ameet"]
[Result "0-1"]
[WhiteElo "2343"]
[BlackElo "2497"]
[PlyCount "112"]
[EventDate "2022.06.08"]
[EventType "tourn"]
[EventRounds "9"]
[EventCountry "CAN"]

1. e4 c6 2. d4 d5 3. Nc3 dxe4 4. Nxe4 Nf6 5. Nxf6+ exf6 6. c3 Bd6 7. Bd3 O-O 8.
Qc2 Re8+ 9. Ne2 h5 10. O-O h4 11. h3 Nd7 12. Be3 Nf8 13. Rad1 Bd7 14. Rfe1 Qc8
15. Nf4 Qc7 16. Qd2 Re7 17. c4 Rae8 18. Bf1 Qd8 19. b4 Bf5 20. Re2 Bb8 21. d5
Rd7 22. Bd4 Rxe2 23. Bxe2 Qc7 24. Be3 g5 25. d6 Rxd6 26. Qxd6 Qxd6 27. Rxd6
Bxd6 28. Nd3 Bxd3 29. Bxd3 Bxb4 30. Bxa7 Ne6 31. Be3 Bc5 32. Bd2 Kf8 33. Kf1
Ke7 34. g3 hxg3 35. fxg3 Ng7 36. h4 g4 37. Kg2 Ke6 38. Bc3 Nh5 39. Be2 f5 40.
Bd1 Bd6 41. Be1 Nf6 42. Bb3 Be5 43. Bd1 c5 44. Bc2 b6 45. Bd2 Nh5 46. Be1 f4
47. gxf4 Nxf4+ 48. Kf2 f5 49. a4 Bd4+ 50. Kf1 Nh5 51. a5 bxa5 52. Bxa5 f4 53.
Bg6 Ng3+ 54. Kg2 Nf5 55. Be1 f3+ 56. Kh2 f2 0-1